Biztonságos nap a Széchenyi téren
Elmentve itt :
| Szerző: | |
|---|---|
| Dokumentumtípus: | Cikk |
| Megjelent: |
2004-08-30
|
| Sorozat: | Délmagyarország
94 No. 202 |
| Kulcsszavak: | Szeged, Közlekedésbiztonság rendezvény Szeged, Eseménynaptár Szeged 2004. 08., VIII. Közlekedésbiztonsági és Nyílt Nap |
| Online Access: | http://dmarchiv.bibl.u-szeged.hu/133680 |
| LEADER | 00572nab a2200157 i 4500 | ||
|---|---|---|---|
| 001 | delm133680 | ||
| 005 | 20191126111247.0 | ||
| 008 | 191126s2004 hu o 0|| hun d | ||
| 040 | |a SZTE Délmagyarország Archívum |b hun | ||
| 041 | |a hun | ||
| 100 | 1 | |a Molnár Gábor | |
| 245 | 1 | 0 | |a Biztonságos nap a Széchenyi téren |h [elektronikus dokumentum] / |c Molnár Gábor |
| 260 | |c 2004-08-30 | ||
| 300 | |a 3 | ||
| 490 | 0 | |a Délmagyarország |v 94 No. 202 | |
| 695 | |a Szeged, Közlekedésbiztonság rendezvény Szeged, Eseménynaptár Szeged 2004. 08., VIII. Közlekedésbiztonsági és Nyílt Nap | ||